Material consumption in the Czech Republic: focus on foreign trade and raw material equivalents of imports and exports

Porovnanie indikátorov analýzou agregátneho toku materiálov v ekonomike. Dáta pre ČR v období 1995-2010. Využitie metódy hodnotenia cyklu hybridného života vstupov a výstupov, ktorá umožňuje kalkuláciu importu a exportu ekvivalentov surovín.

Saved in:
Bibliographic Details
Main Author: Kovanda, Jan
Format: Book Chapter
Language:English
Subjects:
Tags: Add Tag
No Tags, Be the first to tag this record!

MARC

LEADER 00000naa a2200000 4500
001 0184361
005 20220729111928.8
041 0 |a eng 
044 |a CZ 
245 1 0 |a Material consumption in the Czech Republic: focus on foreign trade and raw material equivalents of imports and exports  |c Jan Kovanda 
520 |a Porovnanie indikátorov analýzou agregátneho toku materiálov v ekonomike. Dáta pre ČR v období 1995-2010. Využitie metódy hodnotenia cyklu hybridného života vstupov a výstupov, ktorá umožňuje kalkuláciu importu a exportu ekvivalentov surovín. 
610 2 0 |a suroviny 
610 2 0 |a obchod zahraničný 
610 2 0 |a spotreba surovín 
610 2 0 |a Česko 
610 2 0 |a dovoz 
610 2 0 |a vývoz 
100 1 |a Kovanda, Jan